000 00666nam a2200181Ia 4500
008 090123s9999 xx 000 0 und d
082 _b28780
_a891.463स्टाईन
100 _aगार्डनर अर्ल स्टॅन्ले
245 _aपछाडलेला नवरा
250 _a1
260 _bनिशीगंध प्रकाशन
300 _a184
600 _aगार्डनर अर्ल स्टॅन्ले
630 _aपछाडलेला नवरा
700 _aगार्डनर अर्ल स्टॅन्ले
730 _aपछाडलेला नवरा
942 _cBOOK
999 _c67361
_d67361